00970 a2200181 45000010006000000050017000060080041000230030015000640400040000790800022001192450034001412640059001753000019002345050447002531000029007007000034007297000025007632893320260407155558.0260407a1990 arg spa dAR-UNSa-BCEJYS aAR-UNSa-BCEJYSbspacAR-UNSa-BCEJYS a657xContabilidad10aTemas contables fundamentales 1aSan Miguel de Tucumán :bEdiciones El Graduadoc1990 a225 p.c22 cm. aParte I: Comportamiento de las partidas activas y pasivas - Parte II: El valor actualizado en las partidas - Parte III: Homogeneización de la Unidad de medida - Parte IV: La homogeneización de la Unidad de medida para obtener la performance de las partidas activas y pasivas - Parte V: Ejemplo de performances de partidas activas y pasivas - Parte VI: Secuencia sugerida para obtención del resultado en un esquema en moneda homgénea.1 aOstengo, Héctor Carlos1 aNorton de Ostengo, María R.1 aMarchese, Domingo M.